000 01080nas a2200277 454500
001 42440
005 20260407193511.0
008 260407s2011####ag###########|||spa#d
003 AR-UNSa-BCEJYS
040 _aAR-UNSa-BCEJYS
_bspa
_cAR-UNSa-BCEJYS
080 _a343
_xDerecho penal. Delitos
245 1 0 _aRevista institucional de la defensa pública de la Ciudad Autónoma de Buenos Aires
022 _a1853-5828
264 1 _aBuenos Aires :
_bDefensoría General. Ministerio Público de la Defensa de la Ciudad Autónoma de Buenos Aires
_c2011
310 _aFrecuencia: Semestral
041 _aspa
942 _cSER
590 _aniveau_biblio:s niveau_hierar:1
100 1 _aCiudad Autónoma de Buenos Aires. Ministerio Público de la Defensa de la Ciudad Autónoma de Buenos Aires. Defensoría General
700 1 _aCorti, Horacio Guillermo
650 _aCiencias sociales
650 _aDerecho penal
650 _aJURISPRUDENCIA
650 _aDELITO
856 4 1 _uhttps://biblioeco.unsa.edu.ar/pmb/images/revistas/rev_defensa_publica.jpg
_yImagen de portada
_qimage/jpeg
999 _c8891
_d8891